| 000 | 00361nam a22001337a 4500 | ||
|---|---|---|---|
| 008 | 160507b xxu||||| |||| 00| 0 eng d | ||
| 020 | _a9780131957664 | ||
| 020 | _a978013195766 | ||
| 020 | _a013195766 | ||
| 041 | _aeng | ||
| 080 | _a573 | ||
| 245 |
_aBiology with physiology life on earth: _cTeresa Audesirl; Gerald Audesirk; Bruce E. Byers; |
||
| 942 |
_2udc _cBK |
||
| 999 |
_c1907 _d1907 |
||